000 00604nam a2200205Ia 4500
005 20250130004434.0
008 240331s9999 xx 000 0 und d
020 _a9556070397
082 _bPIN
_26524
_a304.2
245 0 _aRights and Right to Participate:
_bDemocracy, Development and Human Rights in Post Colonial Sri Lanka
260 _aColombo
_bFriedrich-Ebert-Stiftung
_c2003
300 _axvii, 179 p.,
650 _aDemocracy
650 _aPost Colonialism
650 _aHuman Rights
650 _aDevelopment
700 _aPinnawela, S
_eedt
700 _aKarunarathne, H
_eedt
942 _cL
999 _c4412
_d4412